|
|
|
|
| LEADER |
01152nam a2200385 4500 |
| 001 |
DLU110120496 |
| 005 |
##20110505 |
| 008 |
##980113s1997 cc f001 0 chi |
| 010 |
# |
# |
|a 98459172
|
| 020 |
# |
# |
|a 730503066X
|
| 035 |
# |
# |
|a (CStRLIN)DCLP98-B705
|
| 040 |
# |
# |
|a DLC-R
|c DLC-R
|d CStRLIN
|d DLC
|
| 082 |
# |
# |
|a 495.13
|b Xin
|
| 245 |
# |
# |
|a Xin Han yu cheng yu ci dian =
|b Xin hanyu chengyu cidian /
|c [Zheng Rong, Guan Feng zhu bian].
|
| 246 |
# |
# |
|6 880-02
|a Han yu cheng yu ci dian
|
| 246 |
# |
# |
|a Xin hanyu chengyu cidian
|
| 250 |
# |
# |
|6 880-03
|a Di 1 ban.
|
| 260 |
# |
# |
|6 880-04
|a [Nanjing shi] :
|b Nanjing da xue chu ban she :
|b Jiangsu sheng xin hua shu dian fa xing,
|c 1997.
|
| 300 |
# |
# |
|a 6, 2, 12, 63, 621 p. ;
|c 21 cm.
|
| 500 |
# |
# |
|a Includes indexes.
|
| 650 |
# |
# |
|a Chinese language
|x Idioms
|x Dictionaries.
|
| 700 |
# |
# |
|6 880-05
|a Zheng, Rong.
|
| 700 |
# |
# |
|6 880-06
|a Guan, Feng.
|
| 923 |
# |
# |
|a 01/2011NN
|
| 991 |
# |
# |
|a GT
|
| 992 |
# |
# |
|a 89600
|
| 994 |
# |
# |
|a KNN
|
| 998 |
# |
# |
|a TK
|
| 900 |
# |
# |
|a True
|
| 911 |
# |
# |
|a Đào Thị Thu Huyền
|
| 925 |
# |
# |
|a G
|
| 926 |
# |
# |
|a A
|
| 927 |
# |
# |
|a SH
|
| 980 |
# |
# |
|a Thư viện Trường Đại học Đà Lạt
|